000 00719nam a22002177a 4500
003 DO-SdBNP
005 20230217094004.0
007 ta
008 110713s1914 dr rm 000 0 spa d
040 _aDO-SdBNP
_bspa
_cBNPHU
082 _axxxx
_bG216
100 1 _aGarcía Gautier, B.
_982439
245 1 3 _a¿La mujer dominicana casada con un extranjero cuyo estatuto personal no admite el divorcio, puede ser divorciada en la República, conforme a su lei nacional?
260 _aSanto Domingo :
_bEscobar i Cía.,
_c1914.
300 _a47 p. ;
_c23 cm.
500 _aTesis para la licenciatura.
504 _aBibliografía p: [51]
590 _aInventariado, 2022/ YL
910 _aYLockward
942 _2ddc
_cLF2
999 _c52479
_d52479